000
00302nam a2200133Ia 4500
100
_a
Elgerd/Olle L
942
_c
BK
654
_a
electric
245
_a
Electric energy systems theory
260
_b
Tata Mc Graw hill
_a
New Delhi
_c
1983
082
_a
621.3104
_b
ELG
300
_a
533
546
_a
ENGLISH
999
_c
33935
_d
33935